[Event "448. Wednesday (05.08.2020)"]
[Site "Official B"]
[Date "2020.08.05"]
[Round "8"]
[White "Meini"]
[Black "Tvtower68"]
[Result "1-0"]
[WhiteElo "1809"]
[BlackElo "1882"]
[Annotator "NA"]
[PlyCount "109"]
[EventDate "2020.08.05"]
[EventType "swiss (blitz)"]

1. d4 {[%emt 0:00:02]} Nf6 {[%emt 0:00:01]} 2. Bf4 {[%emt 0:00:01]} d5 {[%emt 0:00:02]} 3. e3 {[%emt 0:00:01]} a6 {[%emt 0:00:01]} 4. Nf3 {[%emt 0:00:01]} h6 {[%emt 0:00:01]} 5. Bd3 {[%emt 0:00:01]} Nc6 {[%emt 0:00:02]} 6. h3 {[%emt 0:00:01]} Nb4 {[%emt 0:00:01]} 7. Be2 {[%emt 0:00:04]} Bf5 {[%emt 0:00:04]} 8. c3 {[%emt 0:00:03]} Nc6 {[%emt 0:00:02]} 9. Bd3 {[%emt 0:00:05]} Ne4 {[%emt 0:00:01]} 10. Qc2 {[%emt 0:00:04]} Bh7 {[%emt 0:00:22]} 11. Nbd2 {[%emt 0:00:03]} f5 {[%emt 0:00:01]} 12. O-O {[%emt 0:00:03]} e6 {[%emt 0:00:01]} 13. Ne5 {[%emt 0:00:02]} Ne7 {[%emt 0:00:21]} 14. f3 {[%emt 0:00:02]} Nxd2 {[%emt 0:00:17]} 15. Qxd2 {[%emt 0:00:02]} Ng6 {[%emt 0:00:01]} 16. Nxg6 {[%emt 0:00:18]} Bxg6 {[%emt 0:00:01]} 17. Rae1 {[%emt 0:00:04]} Bd6 {[%emt 0:00:02]} 18. Bxd6 {[%emt 0:00:05]} Qxd6 {[%emt 0:00:01]} 19. e4 {[%emt 0:00:00]} dxe4 {[%emt 0:00:10]} 20. fxe4 {[%emt 0:00:03]} O-O {[%emt 0:00:08]} 21. exf5 {[%emt 0:00:04]} exf5 {[%emt 0:00:03]} 22. Re5 {[%emt 0:00:04]} Qd7 {[%emt 0:00:38]} 23. Qf4 {[%emt 0:00:15]} Rf6 {[%emt 0:00:10]} 24. Bxf5 {[%emt 0:00:07]} Qa4 {[%emt 0:00:13]} 25. Qg4 {[%emt 0:00:39]} Kh7 {[%emt 0:00:18]} 26. Bxg6+ {[%emt 0:00:04]} Rxg6 {[%emt 0:00:01]} 27. Qe4 {[%emt 0:00:08]} Qc6 {[%emt 0:00:13]} 28. Qxc6 {[%emt 0:00:05]} Rxc6 {[%emt 0:00:02]} 29. Re7 {[%emt 0:00:02]} a5 {[%emt 0:00:06]} 30. Rff7 {[%emt 0:00:01]} Rg8 {[%emt 0:00:10]} 31. Rxc7 {[%emt 0:00:02]} Re6 {[%emt 0:00:04]} 32. Rxb7 {[%emt 0:00:02]} Re2 {[%emt 0:00:06]} 33. d5 {[%emt 0:00:03]} Rd2 {[%emt 0:00:02]} 34. c4 {[%emt 0:00:02]} a4 {[%emt 0:00:03]} 35. Rfd7 {[%emt 0:00:08]} Kg6 {[%emt 0:00:07]} 36. c5 {[%emt 0:00:03]} Kf6 {[%emt 0:00:01]} 37. c6 {[%emt 0:00:01]} g5 {[%emt 0:00:06]} 38. c7 {[%emt 0:00:03]} Rc2 {[%emt 0:00:02]} 39. d6 {[%emt 0:00:02]} Re8 {[%emt 0:00:02]} 40. Rd8 {[%emt 0:00:02]} Re1+ {[%emt 0:00:01]} 41. Kh2 {[%emt 0:00:02]} Ree2 {[%emt 0:00:01]} 42. Rf8+ {[%emt 0:01:06]} Kg6 {[%emt 0:00:02]} 43. c8=Q {[%emt 0:00:02]} Rxg2+ {[%emt 0:00:02]} 44. Kh1 {[%emt 0:00:01]} Rh2+ {[%emt 0:00:01]} 45. Kg1 {[%emt 0:00:01]} Rhg2+ {[%emt 0:00:01]} 46. Kf1 {[%emt 0:00:01]} Rce2 {[%emt 0:00:20]} 47. Qf5+ {[%emt 0:00:03]} Kh5 {[%emt 0:00:04]} 48. Qg4+ {[%emt 0:00:01]} Rxg4 {[%emt 0:00:12]} 49. hxg4+ {[%emt 0:00:01]} Kxg4 {[%emt 0:00:01]} 50. Kxe2 {[%emt 0:00:00]} h5 {[%emt 0:00:01]} 51. Rb5 {[%emt 0:00:03]} h4 {[%emt 0:00:00]} 52. Rg8 {[%emt 0:00:02]} h3 {[%emt 0:00:02]} 53. Rbxg5+ {[%emt 0:00:02]} Kf4 {[%emt 0:00:00]} 54. Rh5 {[%emt 0:00:02]} a3 {[%emt 0:00:00]} 55. bxa3 {[%emt 0:00:03] Time (Lag: Av=0.38s, max=0.8s)} 1-0

[Event "448. Wednesday (05.08.2020)"]
[Site "Official B"]
[Date "2020.08.05"]
[Round "8"]
[White "Hühnersuppe"]
[Black "Jhhonnyy"]
[Result "0-1"]
[WhiteElo "1790"]
[BlackElo "2129"]
[PlyCount "80"]
[EventDate "2020.08.05"]
[EventType "swiss (blitz)"]

1. d4 {[%emt 0:00:05]} Nf6 {[%emt 0:00:09]} 2. g3 {[%emt 0:00:06]} g6 {[%emt 0:00:12]} 3. Bg2 {[%emt 0:00:02]} Bg7 {[%emt 0:00:00]} 4. e4 {[%emt 0:00:01]} d6 {[%emt 0:00:14]} 5. Nc3 {[%emt 0:00:04]} O-O {[%emt 0:00:41]} 6. h3 {[%emt 0:00:06]} c5 {[%emt 0:00:03]} 7. Be3 {[%emt 0:00:23]} cxd4 {[%emt 0:00:09]} 8. Bxd4 {[%emt 0:00:02]} Nc6 {[%emt 0:00:01]} 9. Be3 {[%emt 0:00:04]} a6 {[%emt 0:00:06]} 10. Nge2 {[%emt 0:00:05]} Rb8 {[%emt 0:00:01]} 11. O-O {[%emt 0:00:06]} b5 {[%emt 0:00:06]} 12. a3 {[%emt 0:00:13]} Bb7 {[%emt 0:00:01]} 13. Qd2 {[%emt 0:00:09]} Re8 {[%emt 0:00:01]} 14. f4 {[%emt 0:00:06]} Na5 {[%emt 0:00:10]} 15. b3 {[%emt 0:00:21]} Rc8 {[%emt 0:00:02]} 16. Rad1 {[%emt 0:00:06]} Qc7 {[%emt 0:00:13]} 17. f5 {[%emt 0:00:22]} Nc6 {[%emt 0:00:11]} 18. fxg6 {[%emt 0:00:17]} hxg6 {[%emt 0:00:02]} 19. Bh6 {[%emt 0:00:12]} Bh8 {[%emt 0:00:07]} 20. g4 {[%emt 0:00:17]} Ne5 {[%emt 0:00:04]} 21. g5 {[%emt 0:00:06]} Nh5 {[%emt 0:00:07]} 22. Bf3 {[%emt 0:00:16]} Nxf3+ {[%emt 0:00:04]} 23. Rxf3 {[%emt 0:00:01]} Ng7 {[%emt 0:00:24]} 24. Rdf1 {[%emt 0:00:06]} Rf8 {[%emt 0:00:02]} 25. Nd5 {[%emt 0:00:33]} Bxd5 {[%emt 0:00:01]} 26. Qxd5 {[%emt 0:00:02]} Qc5+ {[%emt 0:00:01]} 27. Qxc5 {[%emt 0:00:18]} Rxc5 {[%emt 0:00:00]} 28. c3 {[%emt 0:00:02]} e6 {[%emt 0:00:02]} 29. h4 {[%emt 0:00:10]} Rc7 {[%emt 0:00:05]} 30. h5 {[%emt 0:00:02]} Rd8 {[%emt 0:00:12]} 31. hxg6 {[%emt 0:00:02]} fxg6 {[%emt 0:00:01]} 32. Rf6 {[%emt 0:00:02]} Kh7 {[%emt 0:00:16]} 33. Bxg7 {[%emt 0:00:02]} Bxg7 {[%emt 0:00:02]} 34. Rxe6 {[%emt 0:00:01]} Be5 {[%emt 0:00:08]} 35. Kg2 {[%emt 0:00:04]} Kg7 {[%emt 0:00:01]} 36. Rh1 {[%emt 0:00:02]} Rh8 {[%emt 0:00:03]} 37. Rxh8 {[%emt 0:00:01]} Kxh8 {[%emt 0:00:00]} 38. Rxg6 {[%emt 0:00:01]} Bxc3 {[%emt 0:00:01]} 39. Nxc3 {[%emt 0:00:02]} Rxc3 {[%emt 0:00:00]} 40. Rxd6 {[%emt 0:00:01]} Rxb3 {[%emt 0:00:00] Zeit (Lag: Av=1.19s, max=1.5s)} 0-1

[Event "448. Wednesday (05.08.2020)"]
[Site "Official B"]
[Date "2020.08.05"]
[Round "8"]
[White "Martin Reiß"]
[Black "Dukic"]
[Result "0-1"]
[WhiteElo "1785"]
[BlackElo "1855"]
[Annotator "NA"]
[PlyCount "76"]
[EventDate "2020.08.05"]
[EventType "swiss (blitz)"]

1. f3 {[%emt 0:00:01]} c6 {[%emt 0:00:03]} 2. e4 {[%emt 0:00:01]} d6 {[%emt 0:00:01]} 3. Nc3 {[%emt 0:00:00]} Nd7 {[%emt 0:00:01]} 4. Bd3 {[%emt 0:00:02]} e5 {[%emt 0:00:01]} 5. Nge2 {[%emt 0:00:01]} b5 {[%emt 0:00:05]} 6. O-O {[%emt 0:00:01]} Nc5 {[%emt 0:00:02]} 7. b3 {[%emt 0:00:03]} b4 {[%emt 0:00:06]} 8. Na4 {[%emt 0:00:06]} Nxd3 {[%emt 0:00:09]} 9. cxd3 {[%emt 0:00:00]} a5 {[%emt 0:00:06]} 10. Qe1 {[%emt 0:00:03]} Ba6 {[%emt 0:00:02]} 11. Nb2 {[%emt 0:00:05]} c5 {[%emt 0:00:06]} 12. f4 {[%emt 0:00:01]} Nf6 {[%emt 0:00:05]} 13. fxe5 {[%emt 0:00:01]} dxe5 {[%emt 0:00:02]} 14. Nc4 {[%emt 0:00:01]} Qxd3 {[%emt 0:00:09]} 15. Bb2 {[%emt 0:00:48]} Nd7 {[%emt 0:00:11]} 16. Nc1 {[%emt 0:00:19]} Qc2 {[%emt 0:00:08]} 17. Bxe5 {[%emt 0:00:08]} Bxc4 {[%emt 0:00:13]} 18. bxc4 {[%emt 0:00:33]} Nxe5 {[%emt 0:00:02]} 19. Qg3 {[%emt 0:00:13]} f6 {[%emt 0:00:09]} 20. Nb3 {[%emt 0:00:05]} Qxc4 {[%emt 0:00:10]} 21. Rfc1 {[%emt 0:00:08]} Qb5 {[%emt 0:00:20]} 22. d4 {[%emt 0:00:04]} cxd4 {[%emt 0:00:06]} 23. Nxd4 {[%emt 0:00:02]} Qb6 {[%emt 0:00:02]} 24. Qh3 {[%emt 0:00:15]} Qxd4+ {[%emt 0:00:11]} 25. Kh1 {[%emt 0:00:06]} Qd7 {[%emt 0:00:09]} 26. Qh5+ {[%emt 0:00:06]} g6 {[%emt 0:00:03]} 27. Qe2 {[%emt 0:00:03]} Bd6 {[%emt 0:00:03]} 28. Rd1 {[%emt 0:00:03]} O-O {[%emt 0:00:02]} 29. Rac1 {[%emt 0:00:07]} Qe6 {[%emt 0:00:04]} 30. Rd5 {[%emt 0:00:02]} Rad8 {[%emt 0:00:03]} 31. Rcd1 {[%emt 0:00:04]} Bc7 {[%emt 0:00:02]} 32. Qb5 {[%emt 0:00:16]} Ng4 {[%emt 0:00:15]} 33. Kg1 {[%emt 0:00:12]} Bxh2+ {[%emt 0:00:05]} 34. Kh1 {[%emt 0:00:08]} Nf2+ {[%emt 0:00:07]} 35. Kxh2 {[%emt 0:00:01]} Nxd1 {[%emt 0:00:01]} 36. Rxd1 {[%emt 0:00:12]} Rxd1 {[%emt 0:00:02]} 37. Qxa5 {[%emt 0:00:01]} Qxe4 {[%emt 0:00:02]} 38. Qa4 {[%emt 0:00:07]} Qf4+ {[%emt 0:00:02] Martin Reiß gibt auf (Lag: Av=0.35s, max=0.6s)} 0-1

[Event "448. Wednesday (05.08.2020)"]
[Site "Official B"]
[Date "2020.08.05"]
[Round "8"]
[White "Alex29"]
[Black "Ciberrocker"]
[Result "1-0"]
[WhiteElo "1781"]
[BlackElo "1620"]
[Annotator "NA"]
[PlyCount "35"]
[EventDate "2020.08.05"]
[EventType "swiss (blitz)"]

1. e4 {[%emt 0:00:06]} e5 {[%emt 0:00:01]} 2. Nf3 {[%emt 0:00:02]} Bc5 {[%emt 0:00:00]} 3. Bc4 {[%emt 0:00:02]} d6 {[%emt 0:00:04]} 4. d3 {[%emt 0:00:01]} Bg4 {[%emt 0:00:02]} 5. Be3 {[%emt 0:00:01]} Bxe3 {[%emt 0:00:02]} 6. fxe3 {[%emt 0:00:01]} a5 {[%emt 0:00:00]} 7. a3 {[%emt 0:00:01]} c6 {[%emt 0:00:01]} 8. Nbd2 {[%emt 0:00:02]} Nf6 {[%emt 0:00:01]} 9. O-O {[%emt 0:00:01]} O-O {[%emt 0:00:02]} 10. h3 {[%emt 0:00:01]} Bd7 {[%emt 0:00:02]} 11. Qe1 {[%emt 0:00:02]} Qc8 {[%emt 0:00:01]} 12. Qg3 {[%emt 0:00:03]} Nh5 {[%emt 0:00:02]} 13. Qh4 {[%emt 0:00:01]} Nf6 {[%emt 0:00:03]} 14. Ba2 {[%emt 0:00:06]} Be6 {[%emt 0:00:03]} 15. Ng5 {[%emt 0:00:02]} Bxa2 {[%emt 0:00:02]} 16. Rxf6 {[%emt 0:00:06]} h6 {[%emt 0:00:06]} 17. Rxh6 {[%emt 0:00:03]} f6 {[%emt 0:00:03]} 18. Rh8# {[%emt 0:00:02] (Lag: Av=0.52s, max=0.7s)} 1-0

[Event "448. Wednesday (05.08.2020)"]
[Site "Official B"]
[Date "2020.08.05"]
[Round "8"]
[White "Tobilino"]
[Black "KDK"]
[Result "1-0"]
[WhiteElo "1769"]
[BlackElo "1576"]
[Annotator "NA"]
[PlyCount "63"]
[EventDate "2020.08.05"]
[EventType "swiss (blitz)"]

1. e4 {[%emt 0:00:03]} e5 {[%emt 0:00:01]} 2. Nf3 {[%emt 0:00:01]} Nc6 {[%emt 0:00:02]} 3. Bb5 {[%emt 0:00:02]} a6 {[%emt 0:00:01]} 4. Ba4 {[%emt 0:00:01]} b5 {[%emt 0:00:01]} 5. Bb3 {[%emt 0:00:02]} Be7 {[%emt 0:00:00]} 6. O-O {[%emt 0:00:03]} Nf6 {[%emt 0:00:00]} 7. a4 {[%emt 0:00:15]} Bb7 {[%emt 0:00:04]} 8. d3 {[%emt 0:00:08]} O-O {[%emt 0:00:03]} 9. c3 {[%emt 0:00:02]} d6 {[%emt 0:00:03]} 10. Re1 {[%emt 0:00:10]} Rb8 {[%emt 0:00:08]} 11. Nbd2 {[%emt 0:00:14]} Nd7 {[%emt 0:00:08]} 12. d4 {[%emt 0:00:05]} exd4 {[%emt 0:00:04]} 13. cxd4 {[%emt 0:00:01]} Na5 {[%emt 0:00:11]} 14. Bc2 {[%emt 0:00:03]} b4 {[%emt 0:00:06]} 15. Qe2 {[%emt 0:00:09]} Re8 {[%emt 0:00:18]} 16. b3 {[%emt 0:00:08]} h6 {[%emt 0:00:16]} 17. Bb2 {[%emt 0:00:01]} Bf6 {[%emt 0:00:04]} 18. Qd3 {[%emt 0:00:02]} c5 {[%emt 0:00:07]} 19. e5 {[%emt 0:00:01]} dxe5 {[%emt 0:00:20]} 20. dxe5 {[%emt 0:00:04]} Bg5 {[%emt 0:00:13]} 21. Qh7+ {[%emt 0:00:06]} Kf8 {[%emt 0:00:01]} 22. e6 {[%emt 0:00:37]} Bxd2 {[%emt 0:00:27]} 23. Qxg7+ {[%emt 0:00:10]} Ke7 {[%emt 0:00:02]} 24. exf7+ {[%emt 0:00:07]} Bxe1 {[%emt 0:00:08]} 25. fxe8=Q+ {[%emt 0:00:02]} Kd6 {[%emt 0:00:09]} 26. Rd1+ {[%emt 0:00:08]} Kc7 {[%emt 0:00:03]} 27. Qexd7+ {[%emt 0:00:02]} Qxd7 {[%emt 0:00:02]} 28. Qxd7+ {[%emt 0:00:08]} Kb6 {[%emt 0:00:00]} 29. Rxe1 {[%emt 0:00:06]} Ka7 {[%emt 0:00:05]} 30. Be4 {[%emt 0:00:04]} h5 {[%emt 0:00:06]} 31. Qc7 {[%emt 0:00:09]} Nxb3 {[%emt 0:00:05]} 32. Be5 {[%emt 0:00:03] KDK gibt auf (Lag: Av=0.52s, max=0.7s)} 1-0

[Event "448. Wednesday (05.08.2020)"]
[Site "Official B"]
[Date "2020.08.05"]
[Round "8"]
[White "Schaumi"]
[Black "SyWolf777"]
[Result "1-0"]
[WhiteElo "1760"]
[BlackElo "1635"]
[Annotator "NA"]
[PlyCount "119"]
[EventDate "2020.08.05"]
[EventType "swiss (blitz)"]

1. d4 {[%emt 0:00:03]} d5 {[%emt 0:00:01]} 2. c4 {[%emt 0:00:02]} e6 {[%emt 0:00:01]} 3. Nc3 {[%emt 0:00:01]} Nf6 {[%emt 0:00:01]} 4. Nf3 {[%emt 0:00:01]} c6 {[%emt 0:00:01]} 5. Bg5 {[%emt 0:00:04]} Be7 {[%emt 0:00:01]} 6. e3 {[%emt 0:00:02]} Nbd7 {[%emt 0:00:01]} 7. cxd5 {[%emt 0:00:03]} exd5 {[%emt 0:00:02]} 8. Qc2 {[%emt 0:00:01]} h6 {[%emt 0:00:01]} 9. Bh4 {[%emt 0:00:02]} O-O {[%emt 0:00:01]} 10. Bd3 {[%emt 0:00:02]} Re8 {[%emt 0:00:02]} 11. O-O {[%emt 0:00:02]} Nf8 {[%emt 0:00:09]} 12. h3 {[%emt 0:00:04]} N6h7 {[%emt 0:00:08]} 13. Bg3 {[%emt 0:00:19]} Bd6 {[%emt 0:00:08]} 14. Bxd6 {[%emt 0:00:05]} Qxd6 {[%emt 0:00:02]} 15. Rab1 {[%emt 0:00:01]} Qf6 {[%emt 0:00:09]} 16. Ne5 {[%emt 0:00:03]} Ng5 {[%emt 0:00:20]} 17. f4 {[%emt 0:00:04]} Nge6 {[%emt 0:00:15]} 18. g4 {[%emt 0:00:07]} Nd7 {[%emt 0:00:15]} 19. Qg2 {[%emt 0:00:05]} Nxe5 {[%emt 0:00:06]} 20. fxe5 {[%emt 0:00:01]} Qg5 {[%emt 0:00:04]} 21. Rbe1 {[%emt 0:00:03]} b6 {[%emt 0:00:22]} 22. Qg3 {[%emt 0:00:08]} Bb7 {[%emt 0:00:04]} 23. h4 {[%emt 0:00:02]} Qe7 {[%emt 0:00:02]} 24. Rf2 {[%emt 0:00:09]} c5 {[%emt 0:00:02]} 25. Ne2 {[%emt 0:00:07]} cxd4 {[%emt 0:00:03]} 26. exd4 {[%emt 0:00:01]} a5 {[%emt 0:00:13]} 27. Ref1 {[%emt 0:00:02]} Rf8 {[%emt 0:00:01]} 28. Rf5 {[%emt 0:00:10]} Ba6 {[%emt 0:00:17]} 29. Bxa6 {[%emt 0:00:06]} Rxa6 {[%emt 0:00:01]} 30. g5 {[%emt 0:00:02]} hxg5 {[%emt 0:00:04]} 31. hxg5 {[%emt 0:00:02]} g6 {[%emt 0:00:05]} 32. Rf6 {[%emt 0:00:02]} Ng7 {[%emt 0:00:10]} 33. Qd3 {[%emt 0:00:09]} Ra7 {[%emt 0:00:09]} 34. Ng3 {[%emt 0:00:02]} Qb4 {[%emt 0:00:29]} 35. Qc3 {[%emt 0:00:36]} Qxc3 {[%emt 0:00:10]} 36. bxc3 {[%emt 0:00:01]} Rc7 {[%emt 0:00:01]} 37. Ne2 {[%emt 0:00:05]} Rb8 {[%emt 0:00:06]} 38. Rd6 {[%emt 0:00:08]} Nf5 {[%emt 0:00:07]} 39. Rxd5 {[%emt 0:00:01]} Ne3 {[%emt 0:00:01]} 40. Rd6 {[%emt 0:00:06]} Nxf1 {[%emt 0:00:02]} 41. Kxf1 {[%emt 0:00:01]} Kf8 {[%emt 0:00:04]} 42. Kf2 {[%emt 0:00:02]} Ke7 {[%emt 0:00:02]} 43. Ke3 {[%emt 0:00:03]} Rd8 {[%emt 0:00:02]} 44. Rxb6 {[%emt 0:00:03]} Rc4 {[%emt 0:00:05]} 45. Kd3 {[%emt 0:00:06]} Ra4 {[%emt 0:00:02]} 46. Nc1 {[%emt 0:00:03]} Rc8 {[%emt 0:00:02]} 47. d5 {[%emt 0:00:25]} Rg4 {[%emt 0:00:02]} 48. d6+ {[%emt 0:00:03]} Kd8 {[%emt 0:00:02]} 49. Nb3 {[%emt 0:00:08]} Rg3+ {[%emt 0:00:01]} 50. Kd4 {[%emt 0:00:03]} Rgxc3 {[%emt 0:00:01]} 51. Nxa5 {[%emt 0:00:02]} Ra3 {[%emt 0:00:03]} 52. Nc6+ {[%emt 0:00:05]} Kd7 {[%emt 0:00:04]} 53. Nb8+ {[%emt 0:00:06]} Kd8 {[%emt 0:00:02]} 54. Nc6+ {[%emt 0:00:06]} Kd7 {[%emt 0:00:01]} 55. Nb4 {[%emt 0:00:04]} Ra4 {[%emt 0:00:01]} 56. Kd5 {[%emt 0:00:06]} Ra5+ {[%emt 0:00:02]} 57. Ke4 {[%emt 0:00:01]} Ra4 {[%emt 0:00:01]} 58. Rb7+ {[%emt 0:00:03]} Rc7 {[%emt 0:00:02]} 59. Rxc7+ {[%emt 0:00:02]} Kd8 {[%emt 0:00:01]} 60. Rc4 {[%emt 0:00:00] SyWolf777 gibt auf (Lag: Av=0.43s, max=0.8s)} 1-0

[Event "448. Wednesday (05.08.2020)"]
[Site "Official B"]
[Date "2020.08.05"]
[Round "8"]
[White "Königsinder"]
[Black "Sonek"]
[Result "0-1"]
[WhiteElo "1706"]
[BlackElo "1818"]
[Annotator "NA"]
[PlyCount "44"]
[EventDate "2020.08.05"]
[EventType "swiss (blitz)"]
[WhiteTeam "SF Barsinghausen"]

{Serreck, Uwe (1889)} 1. e4 {[%emt 0:00:03]} e6 {[%emt 0:00:01]} 2. b3 {[%emt 0:00:02]} f5 {[%emt 0:00:05]} 3. exf5 {[%emt 0:00:06]} exf5 {[%emt 0:00:03]} 4. Bb2 {[%emt 0:00:02]} Nf6 {[%emt 0:00:01]} 5. Nf3 {[%emt 0:00:01]} Be7 {[%emt 0:00:06]} 6. Bd3 {[%emt 0:00:03]} d6 {[%emt 0:00:04]} 7. O-O {[%emt 0:00:02]} O-O {[%emt 0:00:01]} 8. Nc3 {[%emt 0:00:07]} c6 {[%emt 0:00:06]} 9. Re1 {[%emt 0:00:06]} Re8 {[%emt 0:00:02]} 10. Nd4 {[%emt 0:00:04]} f4 {[%emt 0:00:29]} 11. Qf3 {[%emt 0:00:13]} c5 {[%emt 0:00:03]} 12. Ne6 {[%emt 0:00:32]} Bxe6 {[%emt 0:00:27]} 13. Rxe6 {[%emt 0:00:02]} Nbd7 {[%emt 0:00:23]} 14. Nd5 {[%emt 0:00:21]} Bf8 {[%emt 0:00:28]} 15. Rae1 {[%emt 0:00:10]} Ne5 {[%emt 0:00:08]} 16. Bxe5 {[%emt 0:00:13]} Rxe6 {[%emt 0:00:05]} 17. Qh3 {[%emt 0:00:43]} Rxe5 {[%emt 0:00:19]} 18. Nxf6+ {[%emt 0:00:05]} Qxf6 {[%emt 0:00:02]} 19. Bxh7+ {[%emt 0:00:05]} Kf7 {[%emt 0:00:05]} 20. Rxe5 {[%emt 0:00:10]} Qxe5 {[%emt 0:00:30]} 21. Qd7+ {[%emt 0:00:09]} Be7 {[%emt 0:00:01]} 22. h4 {[%emt 0:00:11]} Rh8 {[%emt 0:00:04] Königsinder gibt auf (Lag: Av=0.63s, max=1.4s)} 0-1

[Event "448. Wednesday (05.08.2020)"]
[Site "Official B"]
[Date "2020.08.05"]
[Round "8"]
[White "Chessalex"]
[Black "Watchel"]
[Result "1-0"]
[WhiteElo "1690"]
[BlackElo "1641"]
[Annotator "NA"]
[PlyCount "141"]
[EventDate "2020.08.05"]
[EventType "swiss (blitz)"]

1. e4 {[%emt 0:00:05]} d5 {[%emt 0:00:02]} 2. exd5 {[%emt 0:00:02]} Qxd5 {[%emt 0:00:00]} 3. Nc3 {[%emt 0:00:02]} Qa5 {[%emt 0:00:02]} 4. d4 {[%emt 0:00:01]} c6 {[%emt 0:00:01]} 5. Nf3 {[%emt 0:00:01]} Nf6 {[%emt 0:00:03]} 6. Bd3 {[%emt 0:00:03]} Bf5 {[%emt 0:00:01]} 7. Bd2 {[%emt 0:00:01]} Bxd3 {[%emt 0:00:02]} 8. cxd3 {[%emt 0:00:01]} Qb6 {[%emt 0:00:01]} 9. b3 {[%emt 0:00:05]} e6 {[%emt 0:00:01]} 10. O-O {[%emt 0:00:02]} Bd6 {[%emt 0:00:01]} 11. h3 {[%emt 0:00:03]} Nbd7 {[%emt 0:00:01]} 12. Bg5 {[%emt 0:00:03]} Qa5 {[%emt 0:00:03]} 13. Na4 {[%emt 0:00:06]} Qf5 {[%emt 0:00:04]} 14. Qd2 {[%emt 0:00:15]} h6 {[%emt 0:00:01]} 15. Bh4 {[%emt 0:00:04]} Bf4 {[%emt 0:00:05]} 16. Qb4 {[%emt 0:00:08]} Qb5 {[%emt 0:00:15]} 17. Qxb5 {[%emt 0:00:09]} cxb5 {[%emt 0:00:01]} 18. Nc5 {[%emt 0:00:01]} b6 {[%emt 0:00:06]} 19. Ne4 {[%emt 0:00:04]} g5 {[%emt 0:00:07]} 20. Bg3 {[%emt 0:00:02]} Nd5 {[%emt 0:00:15]} 21. Bxf4 {[%emt 0:00:07]} Nxf4 {[%emt 0:00:03]} 22. Kh2 {[%emt 0:00:05]} O-O {[%emt 0:00:05]} 23. Nd6 {[%emt 0:00:09]} a6 {[%emt 0:00:09]} 24. Rfd1 {[%emt 0:00:04]} Rfd8 {[%emt 0:00:08]} 25. g3 {[%emt 0:00:01]} Nd5 {[%emt 0:00:06]} 26. Ne4 {[%emt 0:00:02]} N7f6 {[%emt 0:00:06]} 27. Nxf6+ {[%emt 0:00:03]} Nxf6 {[%emt 0:00:02]} 28. Rac1 {[%emt 0:00:03]} Rac8 {[%emt 0:00:02]} 29. Kg2 {[%emt 0:00:05]} Kf8 {[%emt 0:00:03]} 30. Kf1 {[%emt 0:00:05]} Ke7 {[%emt 0:00:02]} 31. Ke2 {[%emt 0:00:01]} Kd7 {[%emt 0:00:07]} 32. Ne5+ {[%emt 0:00:05]} Ke8 {[%emt 0:00:07]} 33. Nf3 {[%emt 0:00:27]} Nd5 {[%emt 0:00:04]} 34. Kd2 {[%emt 0:00:03]} Ke7 {[%emt 0:00:06]} 35. Ne5 {[%emt 0:00:03]} Ke8 {[%emt 0:00:18]} 36. Nc6 {[%emt 0:00:02]} Rd7 {[%emt 0:00:11]} 37. Ne5 {[%emt 0:00:01]} Rdc7 {[%emt 0:00:02]} 38. Rxc7 {[%emt 0:00:02]} Rxc7 {[%emt 0:00:00]} 39. a3 {[%emt 0:00:07]} f6 {[%emt 0:00:03]} 40. Ng4 {[%emt 0:00:05]} Ke7 {[%emt 0:00:01]} 41. Rc1 {[%emt 0:00:05]} h5 {[%emt 0:00:06]} 42. Rxc7+ {[%emt 0:00:05]} Nxc7 {[%emt 0:00:02]} 43. Ne3 {[%emt 0:00:02]} Kd6 {[%emt 0:00:03]} 44. f4 {[%emt 0:00:05]} gxf4 {[%emt 0:00:08]} 45. gxf4 {[%emt 0:00:01]} Nd5 {[%emt 0:00:01]} 46. Nxd5 {[%emt 0:00:02]} Kxd5 {[%emt 0:00:01]} 47. Ke3 {[%emt 0:00:01]} h4 {[%emt 0:00:04]} 48. b4 {[%emt 0:00:04]} a5 {[%emt 0:00:04]} 49. Kf3 {[%emt 0:00:07]} Kxd4 {[%emt 0:00:03]} 50. Kg4 {[%emt 0:00:01]} Kxd3 {[%emt 0:00:01]} 51. Kxh4 {[%emt 0:00:01]} Ke3 {[%emt 0:00:01]} 52. Kg4 {[%emt 0:00:01]} f5+ {[%emt 0:00:05]} 53. Kg5 {[%emt 0:00:02]} Ke4 {[%emt 0:00:02]} 54. h4 {[%emt 0:00:01]} e5 {[%emt 0:00:02]} 55. fxe5 {[%emt 0:00:02]} Kxe5 {[%emt 0:00:01]} 56. h5 {[%emt 0:00:01]} f4 {[%emt 0:00:00]} 57. h6 {[%emt 0:00:01]} f3 {[%emt 0:00:00]} 58. h7 {[%emt 0:00:01]} f2 {[%emt 0:00:00]} 59. h8=Q+ {[%emt 0:00:01]} Ke4 {[%emt 0:00:03]} 60. Qf6 {[%emt 0:00:02]} Ke3 {[%emt 0:00:02]} 61. Qe5+ {[%emt 0:00:02]} Kf3 {[%emt 0:00:03]} 62. Qf4+ {[%emt 0:00:02]} Kg2 {[%emt 0:00:02]} 63. Qg4+ {[%emt 0:00:02]} Kh1 {[%emt 0:00:07]} 64. Qh3+ {[%emt 0:00:09]} Kg1 {[%emt 0:00:03]} 65. Qg3+ {[%emt 0:00:01]} Kf1 {[%emt 0:00:05]} 66. Kf4 {[%emt 0:00:01]} axb4 {[%emt 0:00:02]} 67. axb4 {[%emt 0:00:02]} Ke1 {[%emt 0:00:01]} 68. Qe3+ {[%emt 0:00:01]} Kf1 {[%emt 0:00:02]} 69. Kg3 {[%emt 0:00:01]} Kg1 {[%emt 0:00:01]} 70. Qxf2+ {[%emt 0:00:01]} Kh1 {[%emt 0:00:01]} 71. Qh2# {[%emt 0:00:01] (Lag: Av=0.70s, max=12.4s)} 1-0